Komparácia metód manažérstva kvality využívaných vo výrobných procesoch

Guardado en:
Detalles Bibliográficos
Autor principal: Petrík, Blažej (Autor)
Otros Autores: Hekelová, Edita (Orientador)
Formato: Manuscrito Libro
Lenguaje:eslovaco
Publicado: 2016
Materias:
Acceso en línea:http://is.stuba.sk/zp/portal_zp.pl?podrobnosti=133215
Etiquetas: Agregar Etiqueta
Sin Etiquetas, Sea el primero en etiquetar este registro!

MARC

LEADER 00000ntm a22000003a 4500
001 stuzp57812
003 SK-STU
005 20160719155353.3
007 ta
008 150427s2015----xo-----f-mn---000-0-slo-d
040 |a STU  |b slo 
041 0 |a slo 
100 1 |a Petrík, Blažej  |u 020070  |4 aut  |U SjF Strojnícka fakulta  |T SjF Ústav výrobných systémov, enviromentálnej techniky a manažment kvality  |X 63169  |U J0070  |Y 804  |7 63169 
242 0 1 |a Comparison of quality management methods used in the production process  |y eng 
245 1 0 |a Komparácia metód manažérstva kvality využívaných vo výrobných procesoch 
260 |c 2016 
650 4 |a manažérstvo kvality  |2 slo 
650 4 |a kvalita  |2 slo 
650 4 |a metódy manažérstva kvality  |2 slo 
650 4 |a quality  |2 eng 
650 4 |a quality management  |2 eng 
650 4 |a methods of quality management  |2 eng 
700 1 |a Hekelová, Edita  |u 020070  |k Z8  |4 ths  |U SjF Strojnícka fakulta  |T SjF Ústav výrobných systémov, enviromentálnej techniky a manažment kvality  |X 2429  |U J0070  |Y 804  |7 A000002429 
856 4 |u http://is.stuba.sk/zp/portal_zp.pl?podrobnosti=133215 
996 |b 284J043964  |c J* 2254/BP  |l JJSK  |s A  |a 24  |w stuzp57812_0001 
SQL |a stuzp57812  |b DBP  |c SLO  |d Komparácia metód manažérstva kvality využívaných vo výrobných procesoch  |e 63169  |f Petrík, Blažej  |g 020070  |h 2429  |i Hekelová, Edita  |j 20160614  |k 1127  |l 02  |m http://is.stuba.sk/zp/portal_zp.pl?podrobnosti=133215  |n B-EVT  |o 5.2.50. výrobná technika